LEADER 00963nam a22002411i 4500 001 991000363609707536 005 20040820085826.0 008 040920s1990 it ita 035 $ab1321021x-39ule_inst 035 $aARCHE-115645$9ExL 040 $aSet. Economia$bita$cA.t.i. Arché s.c.r.l. Pandora Sicilia s.r.l. 082 04$a657.8360 100 1 $aCongiu, Paolo$0116035 245 10$aEconomia e contabilità delle agenzie di assicurazioni /$cPaolo Congiu 260 $aCagliari :$bCUEC,$cstampa 1990 300 $a197 p. ;$c24 cm 650 4$aCompagnie di assicurazione$xBilancio 907 $a.b1321021x$b17-06-19$c23-09-04 912 $a991000363609707536 945 $aLE025 ECO 657.8 CON01.01$g1$i2025000169630$lle025$nCatalogato 2019$o-$pE0.00$q-$rl$s- $t0$u0$v0$w0$x0$y.i13865390$z23-09-04 996 $aEconomia e contabilità delle agenzie di assicurazioni$91100264 997 $aUNISALENTO 998 $ale025$b23-09-04$cm$da $e-$fita$git $h0$i1 LEADER 01518nam 2200505 450 001 9910271033803321 005 20230809233531.0 010 $a1-118-84685-0 010 $a1-78785-071-4 010 $a1-118-84680-X 010 $a1-118-84681-8 035 $a(CKB)4330000000007290 035 $a(MiAaPQ)EBC4855957 035 $a(DLC) 2016017182 035 $a(Au-PeEL)EBL4855957 035 $a(CaPaEBR)ebr11382596 035 $a(CaONFJC)MIL1009561 035 $a(OCoLC)987075729 035 $a(EXLCZ)994330000000007290 100 $a20170528h20172017 uy 0 101 0 $aeng 135 $aurcnu|||||||| 181 $2rdacontent 182 $2rdamedia 183 $2rdacarrier 200 00$aHand hygiene $ea handbook for medical professionals /$fedited by Didier Pittet, John M. Boyce, Benedetta Allegranzi 210 1$aChichester, West Sussex, United Kingdom :$cWiley Blackwell,$d2017. 210 4$d©2017 215 $a1 online resource (473 pages) $cillustrations 225 0 $aHospital medicine : current concepts 311 $a1-118-84686-9 320 $aIncludes bibliographical references and index. 606 $aHand$xCare and hygiene 615 0$aHand$xCare and hygiene. 676 $a617.57 702 $aBoyce$b John M. 702 $aPittet$b Didier$f1957- 702 $aAllegranzi$b Benedetta 801 0$bMiAaPQ 801 1$bMiAaPQ 801 2$bMiAaPQ 906 $aBOOK 912 $a9910271033803321 996 $aHand hygiene$91957143 997 $aUNINA